Country Name Changes - Americas - Statistics

General Stats
  • This quiz has been taken 33 times
  • The average score is 5 of 6
Answer Stats
Date Former Name Answer % Correct
1973 British Honduras Belize
97%
1825 Upper Peru Bolivia
87%
1975 Dutch Guiana Suriname
87%
1821 New Spain Mexico
74%
1530 Terra de Santa Cruz Brazil
61%
1863 New Granada Colombia
61%
No matching quizzes found
Score Distribution
Percent of People with Each Score
Percentile by Number Answered
Your Score History
You have not taken this quiz